[Event "Cologne Longerich op-A 12th"]
[Site "Cologne"]
[Date "2015.08.02"]
[Round "5"]
[White "Schumacher, Markus"]
[Black "Ringeltaube, Denny"]
[Result "0-1"]
[WhiteElo "1719"]
[BlackElo "1733"]
[PlyCount "132"]
[EventDate "2015.07.31"]
[EventType "tourn"]
[EventRounds "5"]
[EventCountry "GER"]
[SourceTitle "EXT 2017"]
[Source "ChessBase"]
[SourceDate "2016.10.25"]
[SourceVersion "1"]
[SourceVersionDate "2016.10.25"]
[SourceQuality "1"]

1. e4 c5 2. Nc3 e6 3. g3 Nc6 4. Bg2 g6 5. d3 Bg7 6. f4 Nge7 7. Nf3 0-0 8. 0-0 d5 9. Qe1 Rb8 10. Rb1 b5 11. Ne2 Nb4 12. g4 dxe4 13. dxe4 Nxc2 14. Qg3 Qb6 15. h4 c4+ 16. Kh1 Ne3 17. Rf2 Nxg2 18. Rxg2 Bb7 19. Bd2 Bxe4 20. Rbg1 Rfd8 21. Bc3 Rd3 22. Rf1 Bxc3 23. Nxc3 Bxf3 24. Rxf3 Rbd8 25. Ne4 Rxf3 26. Qxf3 Rd3 27. Nf6+ Kg7 28. Nh5+ Kf8 29. Qa8+ Rd8 30. Qe4 Qd4 31. Qxd4 Rxd4 32. Nf6 Ng8 33. Nxh7+ Kg7 34. Ng5 Rxf4 35. h5 gxh5 36. gxh5 Kh6 37. Nxf7+ Rxf7 38. Rxg8 Kxh5 39. Re8 Rf6 40. Re7 a6 41. Kg2 Kg4 42. Rg7+ Kf4 43. Kf2 Ke4+ 44. Ke2 e5 45. Rg3 Kd4 46. Rg8 Re6 47. Rg4+ e4 48. Rg8 Re5 49. Rd8+ Rd5 50. Re8 b4 51. Rc8 a5 52. b3 c3 53. Rc4+ Ke5 54. Rc8 Rd2+ 55. Ke3 Rxa2 56. Re8+ Kd6 57. Rxe4 Rb2 58. Rh4 Rxb3 59. Rh6+ Ke7 60. Rh7+ Kf6 61. Rh6+ Kg5 62. Ra6 Ra3 63. Rc6 c2+ 64. Kd2 b3 65. Kc1 Ra1+ 66. Kb2 Rb1+ 0-1

[Event "Cologne Longerich op-A 12th"]
[Site "Cologne"]
[Date "2015.08.02"]
[Round "4"]
[White "Spindler, Florian"]
[Black "Ringeltaube, Denny"]
[Result "1-0"]
[WhiteElo "1771"]
[BlackElo "1733"]
[PlyCount "101"]
[EventDate "2015.07.31"]
[EventType "tourn"]
[EventRounds "5"]
[EventCountry "GER"]
[SourceTitle "EXT 2017"]
[Source "ChessBase"]
[SourceDate "2016.10.25"]
[SourceVersion "1"]
[SourceVersionDate "2016.10.25"]
[SourceQuality "1"]

1. e4 c5 2. Nf3 e6 3. d4 cxd4 4. Nxd4 Nc6 5. Nc3 Nf6 6. Be3 Bb4 7. f3 a6 8. Be2 Qa5 9. Qd2 d5 10. Nb3 Qc7 11. exd5 Nxd5 12. Bc5 Nxc3 13. Bxb4 Nxb4 14. bxc3 Nd5 15. c4 Nf6 16. Rd1 0-0 17. Qd6 Qxd6 18. Rxd6 Bd7 19. Kf2 Ba4 20. Rb6 Bxb3 21. Rxb3 b5 22. cxb5 axb5 23. Ra1 Rfc8 24. Bd3 Nd5 25. Rxb5 Nf4 26. Be4 Ra3 27. g4 Nd5 28. Rb3 Ra4 29. Bd3 g6 30. a3 Kg7 31. Kg3 g5 32. Bb5 Ra5 33. c4 Nf4 34. a4 Rd8 35. Rb2 h5 36. Rc2 h4+ 37. Kf2 Nd3+ 38. Ke3 Nc5 39. Ra3 f5 40. Rd2 Rxd2 41. Kxd2 fxg4 42. fxg4 Kf6 43. Kc3 Ra7 44. Kd4 Nb7 45. c5 Ke7 46. Rd3 Ra8 47. Kc4 Kf6 48. c6 Na5+ 49. Kc5 Nxc6 50. Bxc6 Ra5+ 51. Kb6 1-0

[Event "Troisdorf op"]
[Site "Troisdorf"]
[Date "2013.12.03"]
[Round "7"]
[White "Ringeltaube, Denny"]
[Black "Pelz, Andreas"]
[Result "1-0"]
[WhiteElo "1761"]
[BlackElo "1506"]
[PlyCount "73"]
[EventDate "2013.10.22"]
[EventType "swiss"]
[EventRounds "7"]
[EventCountry "GER"]
[SourceTitle "EXT 2016"]
[Source "ChessBase"]
[SourceDate "2015.10.08"]
[SourceVersion "1"]
[SourceVersionDate "2015.10.08"]
[SourceQuality "1"]

1. d4 Nf6 2. Bg5 h6 3. Bxf6 gxf6 4. Nf3 d5 5. e3 a6 6. c4 dxc4 7. Bxc4 Rg8 8. g3 Bh3 9. Nbd2 Nc6 10. a3 Bg2 11. Rg1 Bxf3 12. Nxf3 e6 13. Qc2 b5 14. Bxe6 Nxd4 15. Bxf7+ Kxf7 16. Nxd4 c5 17. Nf5 Qa5+ 18. Ke2 c4 19. Rgd1 Rd8 20. Qe4 Rg6 21. Qb7+ Kg8 22. Rxd8 Qxd8 23. Rd1 Qe8 24. Rd7 Qe5 25. Rh7 Qe6 26. Nd4 Qe8 27. Rd7 Rg7 28. Rxg7+ Bxg7 29. Qxa6 Qe4 30. Qe6+ Qxe6 31. Nxe6 Bh8 32. Nd4 f5 33. Kd2 Kf7 34. Kc3 Ke7 35. Kb4 Kd6 36. Nxb5+ Kd5 37. Nc3+ 1-0

[Event "Troisdorf op"]
[Site "Troisdorf"]
[Date "2012.11.27"]
[Round "6"]
[White "Gillar, Frank"]
[Black "Ringeltaube, Denny"]
[Result "1-0"]
[WhiteElo "1512"]
[BlackElo "1764"]
[PlyCount "47"]
[EventDate "2012.10.23"]
[EventType "swiss"]
[EventRounds "7"]
[EventCountry "GER"]
[SourceTitle "EXT 2014"]
[Source "ChessBase"]
[SourceDate "2013.11.20"]
[SourceVersion "1"]
[SourceVersionDate "2013.11.20"]
[SourceQuality "1"]

1. d4 Nf6 2. c4 e6 3. Nc3 Bb4 4. f3 Bxc3+ 5. bxc3 h6 6. Nh3 b6 7. e4 d6 8. Bd3 Ba6 9. 0-0 Nfd7 10. Be3 Qc8 11. f4 Nc6 12. Qg4 Rg8 13. e5 Na5 14. Bh7 Rf8 15. Qxg7 Qb7 16. Qxh6 Nxc4 17. Rf3 0-0-0 18. f5 exf5 19. Bxf5 Rh8 20. Qf4 dxe5 21. dxe5 Ncxe5 22. Qxe5 Rhe8 23. Bxd7+ Kxd7 24. Qf5+ 1-0

[Event "Rheinland Pfalz op 4th"]
[Site "Altenkirchen"]
[Date "2012.06.10"]
[Round "7"]
[White "Ringeltaube, Denny"]
[Black "Hoffmann, Thomas"]
[Result "0-1"]
[WhiteElo "1749"]
[BlackElo "1960"]
[PlyCount "108"]
[EventDate "2012.06.07"]
[EventType "swiss"]
[EventRounds "7"]
[EventCountry "GER"]
[SourceTitle "CBM 148 Extra"]
[Source "ChessBase"]
[SourceDate "2012.06.22"]
[SourceVersion "1"]
[SourceVersionDate "2012.06.22"]
[SourceQuality "1"]

1. d4 d5 2. Nf3 c6 3. c4 Nf6 4. Nc3 a6 5. a4 e6 6. Bg5 h6 7. Bd2 Nbd7 8. cxd5 exd5 9. e3 Bd6 10. g3 0-0 11. Bg2 Re8 12. 0-0 Ne4 13. Qb3 Ndf6 14. Nxe4 dxe4 15. Ne1 Qe7 16. Bc3 Be6 17. Qd1 Bc4 18. Nc2 Bxf1 19. Bxf1 Rad8 20. Qe2 Nd5 21. Ba5 Bc7 22. Bd2 Kh8 23. Bg2 Bd6 24. Qe1 f5 25. Rc1 g5 26. b4 f4 27. Bf1 fxe3 28. Nxe3 Nxe3 29. fxe3 Rf8 30. Bc3 Kh7 31. Rc2 Kg6 32. Bg2 Rf7 33. Bh3 Rdf8 34. Bg2 h5 35. Qb1 Kh6 36. Re2 h4 37. gxh4 gxh4 38. Kh1 Qg5 39. h3 Qg3 40. Qg1 Qg6 41. Be1 Bg3 42. Bc3 Rf2 43. Rd2 Rxd2 44. Bxd2 Rf2 45. Bc3 Rc2 46. Ba1 Bd6 47. Qf1 Kg5 48. Qd1 Ra2 49. Qb1 Rf2 50. Qg1 Bg3 51. d5 cxd5 52. Bd4 Re2 53. Bc3 Qf5 54. Qd1 Rxg2 0-1

[Event "Maastricht Limburg op-B 6th"]
[Site "Maastricht"]
[Date "2012.05.28"]
[Round "7"]
[White "Ringeltaube, Denny"]
[Black "Tikanmaki, Heikki"]
[Result "0-1"]
[WhiteElo "1749"]
[BlackElo "1813"]
[PlyCount "62"]
[EventDate "2012.05.25"]
[EventType "swiss"]
[EventRounds "7"]
[EventCountry "NED"]
[SourceTitle "EXT 2013"]
[Source "ChessBase"]
[SourceDate "2012.11.22"]
[SourceVersion "1"]
[SourceVersionDate "2012.11.22"]
[SourceQuality "1"]

1. d4 Nf6 2. Bg5 e6 3. e3 Be7 4. Nf3 d5 5. Bd3 Nbd7 6. Nbd2 c5 7. c3 h6 8. Bf4 Nh5 9. Be5 Nxe5 10. Nxe5 Nf6 11. Qa4+ Bd7 12. Nxd7 Nxd7 13. f4 a6 14. Nf3 b5 15. Qd1 b4 16. 0-0 c4 17. Bc2 f5 18. Ba4 0-0 19. Bxd7 Qxd7 20. Ne5 Qe8 21. cxb4 Bxb4 22. Qc2 Bd6 23. Nf3 Qb5 24. g4 fxg4 25. Nh4 Rf6 26. f5 Raf8 27. e4 dxe4 28. Qxe4 exf5 29. Rxf5 Rxf5 30. Qe6+ R5f7 31. Qxd6 Qxb2 0-1

[Event "Leverkusen Bayer op 10th"]
[Site "Leverkusen"]
[Date "2012.03.28"]
[Round "7"]
[White "Sockel, Karl Heinz"]
[Black "Ringeltaube, Denny"]
[Result "1-0"]
[WhiteElo "1947"]
[BlackElo "1568"]
[PlyCount "63"]
[EventDate "2012.01.11"]
[EventType "swiss"]
[EventRounds "7"]
[EventCountry "GER"]
[SourceTitle "EXT 2014"]
[Source "ChessBase"]
[SourceDate "2013.11.20"]
[SourceVersion "1"]
[SourceVersionDate "2013.11.20"]
[SourceQuality "1"]

1. d4 Nf6 2. Nf3 e6 3. e3 c5 4. Bd3 d5 5. b3 cxd4 6. exd4 Be7 7. 0-0 Nbd7 8. Bb2 0-0 9. Nbd2 b6 10. Rc1 Bb7 11. Qe2 Bd6 12. Ne5 Qe7 13. f4 g6 14. Rce1 Nh5 15. a4 Ng7 16. Rf3 Bxe5 17. fxe5 f6 18. exf6 Rxf6 19. Rxf6 Nxf6 20. Nf3 Rf8 21. Ra1 Qc7 22. Ba3 Rc8 23. Rf1 Nd7 24. Ng5 Re8 25. Qf3 Nf5 26. g4 Qd8 27. h4 h6 28. gxf5 exf5 29. Bxf5 gxf5 30. Qxf5 hxg5 31. Qg6+ Kh8 32. Rf7 1-0